Populism : its meaning and national characteristics

Αποθηκεύτηκε σε:
Λεπτομέρειες βιβλιογραφικής εγγραφής
Άλλοι συγγραφείς: Ionescu, Ghița (Επιμελητής έκδοσης), Gellner, Ernest (Επιμελητής έκδοσης)
Μορφή: Βιβλίο
Γλώσσα:English
Δημοσίευση: New York : Macmillan, [1969]
Θέματα:
Ετικέτες: Προσθήκη ετικέτας
Δεν υπάρχουν, Καταχωρήστε ετικέτα πρώτοι!

MARC

LEADER 00000cam a2200000 a 4500
001 1/113233
008 170307s1969####nyu| ||| |||| ||eng||
040 |a GR-MyUa  |b gre  |c GR-MyUa  |e AACR2 
041 0 |a eng 
082 7 |a 320.5   |2 (23)  
245 0 0 |a Populism :   |b its meaning and national characteristics /   |c edited by Ghița Ionescu and Ernest Gellner.  
260 |a New York :   |b Macmillan,   |c [1969]  
300 |a 263 σ. ;   |c 22 εκ.  
500 |a Based on papers presented at a conference held at the London School of Economics, May 19-21, 1967.  
504 |a Περιλαμβάνει βιβλιογραφία.  
650 0 |a Economic history 
700 1 |a Ionescu, Ghița,  |e edt 
700 1 |a Gellner, Ernest,  |e edt 
852 |a INST  |b LESVOS  |e 20170307  |h 320.5 POP  |p 005100058789  |q 005100058789  |t BK  |y 0 
970 |a Τζαφέρη  |b Ευαγγελία  |z 07-03-2017